Návrh stratégie politiky vidieckej zamestnanosti ako faktora zmierňovania sociálnych rozdielov medzi vidiekom a urbanizovanými regiónmi Slovenska

Salvato in:
Dettagli Bibliografici
Autore principale: Buchta, Stanislav
Natura: Libro
Lingua:slovacco
Pubblicazione: Bratislava Výskumný ústav ekonomiky poľnohospodárstva a potravinárstva 2005
Serie:Štúdia č. 104/2005
Soggetti:
Tags: Aggiungi Tag
Nessun Tag, puoi essere il primo ad aggiungerne!!

MARC

LEADER 00000nam$a2200000$$$4500
001 0050454
005 20240223110312.9
020 |a 80-8058-406-0 
041 0 |a slo 
044 |a SK 
245 1 0 |a Návrh stratégie politiky vidieckej zamestnanosti ako faktora zmierňovania sociálnych rozdielov medzi vidiekom a urbanizovanými regiónmi Slovenska  |c Stanislav Buchta 
264 1 |a Bratislava  |b Výskumný ústav ekonomiky poľnohospodárstva a potravinárstva  |c 2005 
300 |a 41 s. 
490 1 |a Štúdia  |v č. 104/2005 
830 0 |a Štúdia  |v č. 104/2005 
610 2 0 |a vidiek 
610 2 0 |a zamestnanosť 
610 2 0 |a politika zamestnanosti 
610 2 0 |a situácia sociálna 
610 2 0 |a regióny 
610 2 0 |a integrácia ekonomická medzinárodná 
610 2 0 |a Slovensko 
100 1 |a Buchta, Stanislav